Images of Women (Record no. 9465)

MARC details
000 -LEADER
fixed length control field 00719nam a2200265 a 4500
020 ## - INTERNATIONAL STANDARD BOOK NUMBER
ISBN 0231271
082 00 - DEWEY DECIMAL CLASSIFICATION NUMBER
Classification number 305.420956
Author Cutter GRA
100 ## - MAIN ENTRY--AUTHOR NAME
Author name Graham, Brown, Sarah
245 ## - TITLE STATEMENT
Title Images of Women
Sub title the Portrayal of Women in Photography of the Middle East 1
260 ## - PUBLICATION, DISTRIBUTION, ETC. (IMPRINT)
Place of publication New York
Name of publisher Columbia University Press
Year of publication 1988
300 ## - PHYSICAL DESCRIPTION
Number of Pages 274p
500 ## - GENERAL NOTE
General note includes index and biblioraphy
505 2# - FORMATTED CONTENTS NOTE
Formatted contents note Index
650 ## - SUBJECT ADDED ENTRY--TOPICAL TERM
Topical Term Women-Middle East
650 ## - SUBJECT ADDED ENTRY--TOPICAL TERM
Topical Term Women-Portrait
650 ## - SUBJECT ADDED ENTRY--TOPICAL TERM
Topical Term Women-Arab
942 ## - ADDED ENTRY ELEMENTS (KOHA)
Koha item type Books
700 1# -
-- Graham, Brown, Sarah
Holdings
Collection code Home library Current library Date acquired Cost, normal purchase price Full call number Accession Number Koha item type
  Henry Martyn Institute Library Henry Martyn Institute Library 03/23/2007 450.00 305.420956 GRA 017507 Books
                   Copyright © 2026 | Henry Martyn Institute | Hyderabad | TS-500052 | INDIA | Implemented by hmi.edu.in
Hit-Count:

Powered by Koha